000 00886nam a2200265 i 4500
003 DO-SdBNP
005 20240405085638.0
007 ta
008 240405b2011 dr a|||| |||| 00| 0 spa d
040 _aDO-SdBNP
_bspa
_cBNPHU
_erda
082 4 _222
100 1 _aCruz Mieses, Santiago de la,
_924829
_eautor
245 1 0 _aUn pueblo fascinante /
_cSantiago de la Cruz Mieses, Esterbina Marte Suberbí
264 _aSanto Domingo :
_bUniversitaria-UASD,
_c2011.
300 _a374 páginas :
_bilustraciones ;
_c21 cm.
336 _2rdacontent
_atexto
_btxt
337 _2rdamedia
_asin mediación
_bn
338 _2rdacarrier
_avolumen
_bnc
500 _aIncluye datos biográficos de los autores en la contracubierta
504 _aBibliografía : p. 368-374
590 _aInventariado, 2024/BT
700 1 _aMarte Suberbí, Esterbina
_985135
910 _aBtavárez
942 _2ddc
_cLBS1
999 _c56257
_d56257